000 00430nam a2200181Ia 4500
001 10561
005 20260306161841.0
008 260306t2007||||xx |||||||||||||| ||spa||
041 _aESP
082 _a940.27
_bW32
100 _aPlaneta Colombiana
_eAUT
245 0 _aWaterloo:
_bel ocaso del emperador
260 _c2007
300 _a160 páginas :
_c22 cm.
650 _aGEN
654 _aCHU
942 _cLIB
_dJUS
_fJUS
_2ddc
_n
999 _c10561
_d10561